| 000 | 003280000a22001330004500 | ||
|---|---|---|---|
| 041 | 0 | _aENG | |
| 082 | 0 | 4 | _aG 922 F593i |
| 100 | 1 | _aBenson, Joseph (1749–1821) | |
| 245 | 1 | 0 | _aThe life of the John W. de la Flechere / Joseph Benson |
| 260 | _aNew YOrk, USA : Phillips & Hunt | ||
| 300 | _a356 Pag | ||
| 001 | 11436 | ||
| 942 | _cBK | ||
| 999 |
_c40741 _d40741 |
||